Les pays qui ont changés de nom - Statistiques

Statistiques générales
  • Ce quiz a été pris 110 fois
    66 depuis la dernière actualisation
  • Le résultat moyen est 5 sur 8
Statistiques - réponses
Nouveau nom Ancien nom % Correct
Myanmar Birmanie
95%
Macédoine du nord Macédoine
80%
Congo (Kinshasa) Zaïre
80%
Tchéquie République tchèque
75%
Eswatini Swaziland
72%
Sri Lanka Ceylan
55%
Burkina Faso Haute Volta
48%
Samoa Samoa occidentales
11%
Aucun quiz correspondant
Distribution des résultats
% des personnes avec chaque résultat
Percentile par nombre de réponses
Votre historique - résultats
Vous n’avez pas pris ce quiz depuis la dernière actualisation